[Event "Stamer Memorial"]
[Site "San Francisco"]
[Date "2005.06.05"]
[Round "6"]
[White "Wang, Drake"]
[Black "McDaniel, Keith"]
[Result "1-0"]
[WhiteElo "2169"]
[BlackElo "1976"]
[PlyCount "119"]
[EventDate "2005.06.04"]
[EventType "swiss"]
[EventRounds "6"]
[EventCountry "USA"]

1. e4 e6 2. d4 d5 3. Nd2 Be7 4. Bd3 c5 5. exd5 Qxd5 6. Ngf3 Nf6 7. dxc5 O-O 8.
Nb3 Rd8 9. Qe2 Nbd7 10. Bc4 Qe4 11. Be3 Ne5 12. Nxe5 Qxe5 13. Bd4 Qxe2+ 14.
Bxe2 a5 15. a4 Nd5 16. Bf3 f6 17. O-O-O Bd7 18. Bxd5 exd5 19. Bc3 Bxa4 20. Nxa5
Rd7 21. Rd4 Bc6 22. b4 Rxa5 23. bxa5 Bxc5 24. Rd2 Kf7 25. Re1 h5 26. Kb1 Bb5
27. Ka1 Bc4 28. Rb1 Bd6 29. g3 Kg6 30. f4 Bc5 31. Bd4 Be7 32. c3 Kf5 33. Rdb2
Ba6 34. h3 Bd8 35. Bb6 Bxb6 36. Rxb6 h4 37. gxh4 d4 38. cxd4 Rd5 39. Rg1 g6 40.
Re1 Bc4 41. Kb2 Rxa5 42. Kc3 Bd5 43. Kb4 Ra2 44. Rb5 Rb2+ 45. Ka5 Rxb5+ 46.
Kxb5 Bg2 47. Rg1 Be4 48. Kc5 Ke6 49. Re1 b6+ 50. Kxb6 Kd5 51. Rxe4 Kxe4 52. Kc5
Kxf4 53. d5 Kg3 54. d6 Kxh3 55. d7 Kxh4 56. d8=Q Kg5 57. Kd4 Kf5 58. Qd5+ Kg4
59. Qg2+ Kf5 60. Ke3 1-0

[Event "Stamer Memorial"]
[Site "San Francisco"]
[Date "2005.06.05"]
[Round "6"]
[White "Woebcke, Carl"]
[Black "Falk, Charles"]
[Result "1-0"]
[WhiteElo "1637"]
[BlackElo "1138"]
[PlyCount "63"]
[EventDate "2005.06.04"]
[EventType "swiss"]
[EventRounds "6"]
[EventCountry "USA"]

1. e4 c5 2. Nf3 Nc6 3. d4 e6 4. Be3 cxd4 5. Nxd4 e5 6. Nb5 d6 7. N1c3 a6 8. Na3
Nf6 9. Nc4 b5 10. Nb6 Rb8 11. Nxc8 Rxc8 12. a3 Ne7 13. Bg5 Qd7 14. Be2 Qb7 15.
Bxf6 gxf6 16. Qxd6 Ng8 17. Qd5 Qa7 18. O-O-O Be7 19. Bg4 Rd8 20. Qc6+ Kf8 21.
Rxd8+ Bxd8 22. Rd1 Be7 23. Rd2 Kg7 24. Nd5 Bc5 25. Rd3 Bxf2 26. Rf3 Bh4 27. Qb6
Qa8 28. Kb1 Kg6 29. g3 Bg5 30. h4 Bh6 31. Nxf6 Nxf6 32. Qxf6# 1-0

[Event "Stamer Memorial"]
[Site "San Francisco"]
[Date "2005.06.05"]
[Round "6"]
[White "Xu, Davis"]
[Black "Oza, Nikunj"]
[Result "0-1"]
[WhiteElo "1733"]
[BlackElo "1846"]
[PlyCount "68"]
[EventDate "2005.06.04"]
[EventType "swiss"]
[EventRounds "6"]
[EventCountry "USA"]

1. d4 d5 2. Nf3 c6 3. c3 g6 4. Bg5 Bg7 5. e3 Nf6 6. Bd3 O-O 7. Nbd2 Bg4 8. Qc2
Bxf3 9. Nxf3 Nbd7 10. Bxf6 Nxf6 11. Be2 Ne4 12. h4 Qc7 13. Ng5 Nxg5 14. hxg5 e5
15. O-O-O c5 16. Kb1 a6 17. Rh3 Qe7 18. dxc5 Qxc5 19. Rdh1 Qe7 20. Rxh7 Qxg5
21. R7h2 d4 22. exd4 exd4 23. cxd4 Bxd4 24. Qd3 Rfd8 25. Qb3 Bg7 26. Bc4 Qf6
27. Bxf7+ Kf8 28. Bd5 Rxd5 29. Qb4+ Kg8 30. Qxb7 Rad8 31. Qb3 Qf5+ 32. Ka1 Qd3
33. Qxd3 Rxd3 34. Kb1 Rd2 0-1

[Event "Summer TNM"]
[Site "San Francisco"]
[Date "2005.06.14"]
[Round "1"]
[White "Rhodes, Clifton"]
[Black "Wilkerson, Max"]
[Result "0-1"]
[WhiteElo "1450"]
[BlackElo "1907"]
[PlyCount "95"]
[EventDate "2005.06.14"]
[EventType "swiss"]
[EventRounds "8"]
[EventCountry "USA"]

1. e4 c5 2. Nf3 e6 3. d4 cxd4 4. Nxd4 a6 5. Nc3 Bc5 6. Be2 d6 7. O-O Nf6 8. Be3
O-O 9. Qd2 Qe7 10. Bf3 Nbd7 11. Rfd1 Ne5 12. Qe2 b5 13. Bf4 Bxd4 14. Rxd4 Nxf3+
15. Qxf3 e5 16. Bxe5 dxe5 17. Rd3 Bb7 18. Re1 Rad8 19. a3 Rxd3 20. cxd3 b4 21.
axb4 Qxb4 22. Qe2 Rd8 23. f4 Qd4+ 24. Qe3 exf4 25. Qxd4 Rxd4 26. e5 Ng4 27. e6
fxe6 28. Rxe6 Rb4 29. Re2 Ne3 30. g3 g5 31. gxf4 gxf4 32. Kf2 Rb6 33. Ne4 Nd1+
34. Kf3 Nxb2 35. Rd2 Rb3 36. Kxf4 Nxd3+ 37. Kf5 Rb5+ 38. Kf6 Bxe4 39. Re2 Bg6
40. Re6 Rf5+ 41. Ke7 Re5 42. Kd6 Rxe6+ 43. Kxe6 a5 44. Kd5 a4 45. Kc4 h5 46.
Kc3 Kf7 47. Kc2 Ke6 48. Kb1 {remainder illegible; B won in about 10 more moves}
0-1

[Event "Summer TNM"]
[Site "San Francisco"]
[Date "2005.06.14"]
[Round "1"]
[White "Russell, Joe"]
[Black "Luke, Gary"]
[Result "0-1"]
[WhiteElo "1227"]
[BlackElo "1815"]
[PlyCount "104"]
[EventDate "2005.06.14"]
[EventType "swiss"]
[EventRounds "8"]
[EventCountry "USA"]

1. e4 c5 2. Nf3 Nc6 3. d4 cxd4 4. Nxd4 e5 5. Nxc6 bxc6 6. c4 Nf6 7. Bd3 Bc5 8.
O-O Rb8 9. Nd2 a5 10. Nf3 d6 11. h3 O-O 12. b3 Nh5 13. Qc2 Qb6 14. Re1 g6 15.
Be3 Bxe3 16. Rxe3 Nf4 17. Rd1 c5 18. Kh2 Ne6 19. Rd2 Nd4 20. Nxd4 cxd4 21. Rf3
Kg7 22. Rd1 Bb7 23. Rg3 Rbc8 24. Qe2 Rc5 25. Qg4 Rfc8 26. Qg5 Qd8 27. Qxd8 Rxd8
28. Rf1 f6 29. f4 Ba8 {NAM} 30. f5 g5 31. h4 h6 32. hxg5 hxg5 33. Rh3 Rcc8 34.
g4 Rh8 35. Rff3 Bc6 36. Rxh8 Rxh8+ 37. Rh3 Rb8 38. Bc2 Rb4 39. Rg3 a4 40. Rg2
axb3 41. axb3 d3 42. Bxd3 Rxb3 43. Rd2 Rc3 44. Bb1 Rxc4 45. Rxd6 Bxe4 46. Rd7+
Kf8 47. Bxe4 Rxe4 48. Kh3 Rd4 49. Rxd4 exd4 50. Kg3 Ke7 51. Kf3 Kd6 52. Ke4 Kc5
0-1

[Event "Summer TNM"]
[Site "San Francisco"]
[Date "2005.06.14"]
[Round "1"]
[White "Thornally, Frank"]
[Black "Salles, Antonio"]
[Result "1-0"]
[WhiteElo "2224"]
[BlackElo "1724"]
[PlyCount "63"]
[EventDate "2005.06.14"]
[EventType "swiss"]
[EventRounds "8"]
[EventCountry "USA"]

1. d4 Nf6 2. Nf3 d5 3. c4 e6 4. g3 c5 5. Bg2 Nc6 6. O-O Be7 7. cxd5 exd5 8. Nc3
h6 9. Bf4 a6 10. dxc5 Bxc5 11. Rc1 Bb6 12. Ne5 Be6 13. Nxc6 bxc6 14. Na4 Rc8
15. Qd3 O-O 16. Qxa6 Bxf2+ 17. Rxf2 Ra8 18. Qxc6 Bd7 19. Bc7 Qe8 20. Qc3 Bxa4
21. Bd6 Rc8 22. Qd2 Rxc1+ 23. Qxc1 Qc8 24. Qf4 Re8 25. Qxa4 Qc1+ 26. Bf1 Re4
27. Qb3 Re3 28. Bf4 Rxb3 29. Bxc1 Rb6 30. Bg2 Rc6 31. Rf1 Rc2 32. Bf3 1-0

[Event "Summer TNM"]
[Site "San Francisco"]
[Date "2005.06.28"]
[Round "3"]
[White "Bacelar, Erickson"]
[Black "Russell, Joe"]
[Result "1-0"]
[WhiteElo "1704"]
[BlackElo "1227"]
[PlyCount "57"]
[EventDate "2005.06.14"]
[EventType "swiss"]
[EventRounds "8"]
[EventCountry "USA"]

1. d4 Nf6 2. Nf3 g6 3. g3 Bg7 4. Bg2 O-O 5. O-O d5 6. Nbd2 c6 7. c4 dxc4 8.
Nxc4 Bf5 9. Re1 Be4 10. Ncd2 Bxf3 11. Nxf3 Qa5 12. Qb3 b6 13. Bd2 Qd5 14. Qa4
Ne4 15. Be3 Nd7 16. Rac1 c5 17. Red1 Qb7 18. Nd2 f5 19. Qb3+ Kh8 20. Nxe4 fxe4
21. dxc5 Rac8 22. c6 Rxc6 23. Bxe4 Rfc8 24. Bxc6 Rxc6 25. Rxc6 Qxc6 26. Qd5
Qxd5 27. Rxd5 Nf6 28. Rd8+ Ng8 29. b3 1-0

[Event "Summer TNM"]
[Site "San Francisco"]
[Date "2005.06.28"]
[Round "3"]
[White "Braden, Brian"]
[Black "Bukh, Yefim"]
[Result "0-1"]
[WhiteElo "1057"]
[BlackElo "1986"]
[PlyCount "36"]
[EventDate "2005.06.14"]
[EventType "swiss"]
[EventRounds "8"]
[EventCountry "USA"]

1. e4 e5 2. Nf3 Nc6 3. Bb5 a6 4. Bxc6 dxc6 5. d3 f6 6. O-O Be6 7. Be3 c5 8. b3
b6 9. Nc3 Ne7 10. Qd2 Nc6 11. Qd1 Bg4 12. h3 Bh5 13. g4 Bf7 14. Ne2 Qd7 15. Bd2
h5 16. Nh2 O-O-O 17. Kg2 hxg4 18. Nxg4 Be6 {
remainder illegible; B won in 29 moves} 0-1

[Event "Summer TNM"]
[Site "San Francisco"]
[Date "2005.06.28"]
[Round "3"]
[White "Capdeville, Barry"]
[Black "Allen, Tom"]
[Result "0-1"]
[WhiteElo "1258"]
[BlackElo "1467"]
[PlyCount "58"]
[EventDate "2005.06.14"]
[EventType "swiss"]
[EventRounds "8"]
[EventCountry "USA"]

1. e4 e5 2. Nf3 Nc6 3. d4 exd4 4. Nxd4 Qh4 5. Nc3 Bb4 6. Be2 Nge7 7. O-O Bxc3
8. Nf3 Qxe4 9. Bd3 Qd5 10. bxc3 O-O 11. Re1 d6 12. c4 Qh5 13. Bf4 Bg4 14. Be2
Ng6 15. Bg3 Rfe8 16. c3 Nge5 17. Bxe5 Nxe5 18. Nd4 Bxe2 19. Rxe2 Qg5 20. Qe1 c5
21. f4 Qxf4 22. Re4 Qg5 23. Qe2 Qd8 24. Nf3 Nxf3+ 25. Qxf3 Qd7 26. Rae1 Kf8 27.
Rxe8+ Rxe8 28. Rxe8+ Kxe8 29. Qe4+ Qe7 0-1

[Event "Summer TNM"]
[Site "San Francisco"]
[Date "2005.06.28"]
[Round "3"]
[White "Chan, John"]
[Black "Jennings, Craig"]
[Result "1-0"]
[WhiteElo "1626"]
[BlackElo "1043"]
[PlyCount "69"]
[EventDate "2005.06.14"]
[EventType "swiss"]
[EventRounds "8"]
[EventCountry "USA"]

1. c4 e5 2. Nc3 Nc6 3. g3 Bb4 4. Bg2 Nge7 5. e3 O-O 6. h4 d6 7. a3 Bxc3 8. bxc3
Be6 9. d3 d5 10. c5 b6 11. cxb6 axb6 12. Ne2 Rb8 13. O-O Qd7 14. Kh2 Bg4 15. f3
Bf5 16. a4 Rfe8 17. d4 e4 18. fxe4 Bxe4 19. Bxe4 dxe4 20. Nf4 Nd5 21. Qb3 Nce7
22. Ba3 Nxe3 23. Rfe1 Ng4+ 24. Kg2 Nf5 25. Bc1 e3 26. Nd3 Qd6 27. Nf4 h6 28.
Ba3 c5 29. Qa2 g5 30. hxg5 hxg5 31. dxc5 bxc5 32. Rad1 Qe5 33. Rd7 Qe4+ 34. Kg1
Rb7 35. Qxf7+ 1-0

[Event "Summer TNM"]
[Site "San Francisco"]
[Date "2005.06.28"]
[Round "3"]
[White "Dembling, Arthur"]
[Black "Luke, Gary"]
[Result "0-1"]
[WhiteElo "1652"]
[BlackElo "1815"]
[PlyCount "102"]
[EventDate "2005.06.14"]
[EventType "swiss"]
[EventRounds "8"]
[EventCountry "USA"]

1. e4 c5 2. Nc3 Nc6 3. f4 d6 4. Nf3 g6 5. Bb5 Bg7 6. O-O Bd7 7. d3 a6 8. Bxc6
Bxc6 9. Qe1 Nf6 10. Bd2 O-O 11. Qh4 b5 12. f5 gxf5 13. Bh6 Bxh6 14. Qxh6 b4 15.
Ne2 Ng4 16. Qh5 f6 17. Nf4 Qe8 18. Qh4 Qf7 19. exf5 Ne3 20. Rf2 Nxf5 21. Qg4+
Ng7 22. Re1 e5 23. Ne2 Qg6 24. Qc4+ Qf7 25. Qxf7+ Rxf7 26. Ng3 Bxf3 27. Rxf3 f5
28. Ref1 Raf8 29. R1f2 d5 30. Re2 e4 31. dxe4 fxe4 32. Rxf7 Kxf7 33. Nf1 Nf5
34. Rf2 Ke7 35. g4 Nd4 36. Rxf8 Kxf8 37. Ne3 Kf7 38. Nxd5 Nxc2 39. Kf2 a5 40.
Ne3 Nd4 41. Nc4 a4 42. Ke3 Nf3 43. h3 Ke6 44. Kf4 Kd5 45. Nb6+ Kd4 46. Nxa4 c4
47. Kg3 c3 48. bxc3+ bxc3 49. Nxc3 Kxc3 50. a4 e3 51. Kxf3 Kd2 0-1

[Event "Summer TNM"]
[Site "San Francisco"]
[Date "2005.06.28"]
[Round "3"]
[White "Drane, Robert"]
[Black "Chernobilskiy, Mikhail"]
[Result "1-0"]
[WhiteElo "1876"]
[BlackElo "1673"]
[PlyCount "60"]
[EventDate "2005.06.14"]
[EventType "swiss"]
[EventRounds "8"]
[EventCountry "USA"]

1. e4 Nf6 2. Nc3 d5 3. e5 Nfd7 4. d4 e6 5. f4 c5 6. dxc5 Bxc5 7. Qg4 O-O 8. Nh3
Nc6 9. Bd3 f5 10. Qg3 Be7 11. O-O Nc5 12. Kh1 Nd4 13. Qe3 Nc6 14. Ne2 Bd7 15.
Bd2 a5 16. c3 a4 17. Rfd1 Na5 18. Nd4 Qb6 19. Rab1 Nxd3 20. Qxd3 Qa6 21. Qxa6
Rxa6 22. b3 a3 23. Be1 Rc8 24. Rdc1 b5 25. Nf2 Ra7 26. Nd3 Kf7 27. Ne2 g5 28.
Bf2 Ra6 29. g3 Nb7 30. h3 Rac6 1-0

[Event "Summer TNM"]
[Site "San Francisco"]
[Date "2005.06.28"]
[Round "3"]
[White "Dupree, Charles"]
[Black "Regan, Jack"]
[Result "1-0"]
[WhiteElo "1896"]
[BlackElo "1513"]
[PlyCount "39"]
[EventDate "2005.06.14"]
[EventType "swiss"]
[EventRounds "8"]
[EventCountry "USA"]

1. e4 c6 2. f4 d5 3. e5 Qc7 4. d4 b6 5. Be3 Nh6 6. h3 g6 7. Nf3 f6 8. Bd3 Ba6
9. O-O Bxd3 10. Qxd3 Nf5 11. Nbd2 Nxe3 12. Qxe3 fxe5 13. fxe5 Nd7 14. Ng5 Bh6
15. Qf4 O-O-O 16. Qh4 Bxg5 17. Qxg5 Nf8 18. Rf7 Ne6 19. Qg4 Rd7 20. Qxe6 1-0

[Event "Summer TNM"]
[Site "San Francisco"]
[Date "2005.06.28"]
[Round "3"]
[White "Ganem, Paul"]
[Black "Woebcke, Carl"]
[Result "1-0"]
[WhiteElo "1846"]
[BlackElo "1637"]
[PlyCount "67"]
[EventDate "2005.06.14"]
[EventType "swiss"]
[EventRounds "8"]
[EventCountry "USA"]

1. e4 c5 2. Nc3 d6 3. g3 g6 4. Bg2 Bg7 5. d3 Nc6 6. Be3 b5 7. Qd2 Rb8 8. h3 b4
9. Nd1 Na5 10. Ne2 Ba6 11. O-O c4 12. d4 c3 13. bxc3 Nc4 14. Qe1 Nxe3 15. fxe3
Qc7 16. Rf2 Nh6 17. cxb4 e5 18. c3 O-O 19. a4 exd4 20. exd4 Bc4 21. Ne3 Bxe2
22. Rxe2 Rbc8 23. Nd5 Qd8 24. Qd2 f5 25. e5 dxe5 26. dxe5 Re8 27. Rae1 Re6 28.
Qa2 Kh8 29. Nf4 Qb6+ 30. Kh2 Rxe5 31. Rxe5 Bxe5 32. Rxe5 g5 33. Nd5 Qd6 34. Qe2
1-0

[Event "Summer TNM"]
[Site "San Francisco"]
[Date "2005.06.28"]
[Round "3"]
[White "Goodall, Mike"]
[Black "Chalissery, Jossy"]
[Result "1/2-1/2"]
[WhiteElo "1800"]
[BlackElo "1535"]
[PlyCount "103"]
[EventDate "2005.06.14"]
[EventType "swiss"]
[EventRounds "8"]
[EventCountry "USA"]

1. e4 d5 2. exd5 Qxd5 3. Nc3 Qa5 4. d4 Nf6 5. Nf3 c6 6. Bd2 Bf5 7. Bc4 e6 8.
Nd5 Qd8 9. Ne3 Be4 10. c3 Nbd7 11. O-O Qc7 12. a4 Bd6 13. h3 O-O 14. b4 Nb6 15.
Bb3 Nbd5 16. Nc4 Bf4 17. Nce5 Bxd2 18. Qxd2 Nd7 19. Rfe1 Nxe5 20. Nxe5 Bf5 21.
g4 Bg6 22. h4 h6 23. Nxg6 fxg6 24. Rxe6 Rf4 25. Rxg6 Raf8 26. Rf1 Qd7 27. Bd1
Kh8 28. Qe1 Nf6 29. f3 Re8 30. Qd2 Nd5 31. c4 Ne3 32. d5 Rxc4 33. Re1 Nxd5 34.
Bb3 Rxe1+ 35. Qxe1 Rd4 36. Qe5 Kh7 37. Bc2 Rd1+ 38. Bxd1 Kxg6 39. Bc2+ Kf7 40.
b5 Qe6 41. Qf5+ Qxf5 42. Bxf5 c5 43. a5 b6 44. axb6 axb6 45. Kf2 Kf6 46. Bd7
Ke5 47. Ke2 Kf4 48. Bc6 Ne7 49. Kd3 Ng6 50. h5 Ne5+ 51. Ke2 Nc4 52. Be4 1/2-1/2

[Event "Summer TNM"]
[Site "San Francisco"]
[Date "2005.06.28"]
[Round "3"]
[White "Gurtovoy, Jason"]
[Black "Starr, Albert"]
[Result "1-0"]
[WhiteElo "1587"]
[BlackElo "1294"]
[PlyCount "55"]
[EventDate "2005.06.14"]
[EventType "swiss"]
[EventRounds "8"]
[EventCountry "USA"]

1. e4 d6 2. d4 Nf6 3. Nc3 g6 4. f3 Bg7 5. Nge2 O-O 6. Be3 Nbd7 7. Qd2 e5 8.
O-O-O b6 9. g4 Ba6 10. h4 h5 11. Bh3 c5 12. d5 b5 13. Ng3 b4 14. Nce2 Nb6 15.
b3 Bc8 16. gxh5 Bxh3 17. Rxh3 Qd7 18. Rhh1 Nxh5 19. Nxh5 gxh5 20. Ng3 f6 21.
Rdg1 Rf7 22. Nxh5 Kf8 23. Nxg7 Rxg7 24. Rxg7 Kxg7 25. Rg1+ Kf7 26. Qg2 Rf8 27.
Bh6 Qe7 28. Qg6# 1-0

[Event "Summer TNM"]
[Site "San Francisco"]
[Date "2005.06.28"]
[Round "3"]
[White "Hoo, Jonathan Soo"]
[Black "Sanguinetti, George"]
[Result "1-0"]
[WhiteElo "1715"]
[BlackElo "1958"]
[PlyCount "87"]
[EventDate "2005.06.14"]
[EventType "swiss"]
[EventRounds "8"]
[EventCountry "USA"]

1. e4 c5 2. Nf3 Nc6 3. d4 cxd4 4. Nxd4 g6 5. c4 Bg7 6. Be3 d6 7. Nc3 Nf6 8. Be2
O-O 9. O-O Bd7 10. f3 a6 11. a3 Qb8 12. Nd5 Nxd5 13. cxd5 Nxd4 14. Bxd4 Rc8 15.
Bxg7 Kxg7 16. Qd4+ Kg8 17. Rac1 b5 18. Rc3 Rxc3 19. bxc3 Qa7 20. Qxa7 Rxa7 21.
c4 bxc4 22. Bxc4 Bb5 23. Bxb5 axb5 24. Rb1 Ra5 25. Rb3 Kf8 26. Kf2 Ke8 27. Ke3
Kd7 28. Rc3 h6 29. h4 f5 30. exf5 gxf5 31. Kf4 b4 32. axb4 Rxd5 33. g4 fxg4 34.
fxg4 Rd4+ 35. Kf5 e6+ 36. Kg6 Rxg4+ 37. Kh5 Rxb4 38. Rh3 Ke7 39. Kxh6 Rg4 40.
h5 d5 41. Kh7 e5 42. h6 d4 43. Kh8 e4 44. h7 1-0

[Event "Summer TNM"]
[Site "San Francisco"]
[Date "2005.06.28"]
[Round "3"]
[White "Ladyzhensky, Boris"]
[Black "Wilkerson, Max"]
[Result "0-1"]
[WhiteElo "1700"]
[BlackElo "1907"]
[PlyCount "92"]
[EventDate "2005.06.14"]
[EventType "swiss"]
[EventRounds "8"]
[EventCountry "USA"]

1. e4 c5 2. Nf3 e6 3. c3 Nc6 4. Bc4 a6 5. Bb3 d5 6. e5 Nge7 7. d4 Ng6 8. O-O
Be7 9. Be3 O-O 10. Bc2 Bd7 11. dxc5 Ncxe5 12. Nxe5 Nxe5 13. Bxh7+ Kxh7 14. Qh5+
Kg8 15. Qxe5 Rc8 16. b4 Bf6 17. Qg3 Re8 18. f4 Bb5 19. Rd1 Ba4 20. Rd2 Bh4 21.
Qf3 Be1 22. Re2 Bd1 23. Bd4 Bxe2 24. Qxe2 Bh4 25. Nd2 Bf6 26. Be5 Bxe5 27. fxe5
d4 28. c4 b6 29. Qd3 bxc5 30. bxc5 Rxc5 31. Nf3 g6 32. h4 Kg7 33. Rf1 Re7 34.
h5 Rd7 35. hxg6 fxg6 36. g3 Rf7 37. Kg2 Ra5 38. a3 Qe8 39. Rh1 Qa8 40. Rf1 Rf5
41. g4 Rf4 42. Kg3 Qe4 43. Qb3 Rxg4+ 44. Kh3 Rf4 45. c5 g5 46. c6 Qe2 {
remainder illegible; B won in a few more moves} 0-1

[Event "Summer TNM"]
[Site "San Francisco"]
[Date "2005.06.28"]
[Round "3"]
[White "Litowsky, Dan"]
[Black "Chen, Wesley"]
[Result "0-1"]
[WhiteElo "1712"]
[BlackElo "1914"]
[PlyCount "90"]
[EventDate "2005.06.14"]
[EventType "swiss"]
[EventRounds "8"]
[EventCountry "USA"]

1. e4 e5 2. Nc3 Nc6 3. Bc4 d6 4. a3 Nf6 5. h3 Be7 6. d3 Be6 7. Nd5 a6 8. Nf3 h6
9. O-O Qd7 10. Nxe7 Qxe7 11. Bxe6 Qxe6 12. c3 Ne7 13. Nh4 g5 14. Nf3 g4 15.
hxg4 Qxg4 16. Nh2 Qh4 17. Nf3 Qg4 18. Nh2 Qg7 19. f4 exf4 20. Bxf4 Ng6 21. Bg3
Rg8 22. Qf3 Ne5 23. Bxe5 dxe5 24. Rf2 Nd7 25. Raf1 f6 26. Qh5+ Qg6 27. Qxg6+
Rxg6 28. Nf3 Rg4 29. Nh2 Rg7 30. b4 O-O-O 31. Nf3 Rg3 32. d4 Rdg8 33. d5 R8g4
34. Re2 h5 35. c4 Rf4 36. a4 Nb6 37. c5 Nxa4 38. Kh2 Rgg4 39. Rfe1 Nc3 40. Re3
Nxe4 41. Rd1 Ng5 42. d6 cxd6 43. Rxd6 Nxf3+ 44. gxf3 Rg6 45. Red3 Rxb4 0-1

[Event "Summer TNM"]
[Site "San Francisco"]
[Date "2005.06.28"]
[Round "3"]
[White "Livschitz, Jennifer"]
[Black "Kastor, Mark"]
[Result "0-1"]
[WhiteElo "1064"]
[BlackElo "1656"]
[PlyCount "62"]
[EventDate "2005.06.14"]
[EventType "swiss"]
[EventRounds "8"]
[EventCountry "USA"]

1. e4 e5 2. Nf3 Nc6 3. Bc4 Bc5 4. c3 d6 5. d4 exd4 6. cxd4 Bb6 7. Nc3 Bg4 8. h3
Bh5 9. d5 Ne5 10. Be2 h6 11. Nxe5 Bxe2 12. Qxe2 dxe5 13. O-O Nf6 14. Be3 Bxe3
15. Qxe3 O-O 16. Rad1 a6 17. f4 Qd6 18. fxe5 Qxe5 19. Qf4 Qxf4 20. Rxf4 Rfe8
21. Re1 Re5 22. Rf5 Rae8 23. Rxe5 Rxe5 24. Kf2 Kf8 25. Ke3 Ke7 26. Kd4 Kd6 27.
a3 Nd7 28. b4 Rg5 29. Re2 Ne5 30. a4 Rg3 31. b5 Rd3# 0-1

[Event "Summer TNM"]
[Site "San Francisco"]
[Date "2005.06.28"]
[Round "3"]
[White "Naroditsky, Daniel"]
[Black "Brown, Nicholas"]
[Result "1-0"]
[WhiteElo "1864"]
[BlackElo "1437"]
[PlyCount "109"]
[EventDate "2005.06.14"]
[EventType "swiss"]
[EventRounds "8"]
[EventCountry "USA"]

1. e4 e5 2. Nf3 Nc6 3. Bb5 a6 4. Bxc6 bxc6 5. O-O d6 6. d4 Bg4 7. dxe5 Bxf3 8.
Qxf3 dxe5 9. Rd1 Qf6 10. Qd3 Bd6 11. Nc3 Ne7 12. Be3 O-O 13. Na4 Ng6 14. Qc4
Be7 15. Rd7 Rfc8 16. Bc5 Bxc5 17. Nxc5 Nf8 18. Rd3 Rd8 19. Rf3 Rd4 20. Qxd4
Qxf3 21. Qxe5 Qe2 22. Qc3 Rd8 23. Nd3 Qxe4 24. Re1 Qd5 25. Re5 Qxa2 26. b3 Qa3
27. Re1 Qd6 28. Ra1 Qd4 29. Qxd4 Rxd4 30. Rxa6 c5 31. Kf1 c4 32. Ra4 Rd7 33.
Rxc4 Ne6 34. Nc5 Nxc5 35. Rxc5 g6 36. Ke2 Kg7 37. Rc3 f5 38. Rd3 Re7+ 39. Re3
Rd7 40. Rd3 Re7+ 41. Kd2 Kf6 42. Kc3 Re2 43. Rd2 Re1 44. Rd7 Re2 45. Rxc7 h5
46. b4 Rxf2 47. b5 Rxg2 48. b6 Rxh2 49. b7 Rh3+ 50. Kb2 f4 51. b8=Q f3 52. Qd8+
Ke5 53. Rc5+ Kf4 54. Qg5+ Ke4 55. Qe5# 1-0

[Event "Summer TNM"]
[Site "San Francisco"]
[Date "2005.06.28"]
[Round "3"]
[White "Oca, Homer"]
[Black "Krasnov, Steven"]
[Result "0-1"]
[WhiteElo "1671"]
[BlackElo "1850"]
[PlyCount "69"]
[EventDate "2005.06.14"]
[EventType "swiss"]
[EventRounds "8"]
[EventCountry "USA"]

1. a3 e5 2. h3 d5 3. e3 Nf6 4. d3 Bd6 5. Nc3 O-O 6. e4 Be6 7. Nf3 h6 8. exd5
Nxd5 9. Ne4 Nd7 10. b4 Be7 11. Bb2 f5 12. Ned2 Bf6 13. Nc4 e4 14. Nd4 Qe7 15.
Nxe6 Bxb2 16. Nxb2 Qxe6 17. d4 e3 18. f3 Qd6 19. f4 Qxf4 20. Qf3 Qxd4 21. Qxd5+
Qxd5 22. Bc4 Nb6 23. Bxd5+ Nxd5 24. O-O-O Nf4 25. g3 Ne2+ 26. Kb1 Nc3+ 27. Kc1
Nxd1 28. Kxd1 f4 29. gxf4 Rxf4 30. Nd3 Rd4 31. Kc1 a5 32. Kb2 axb4 33. axb4 Re8
34. Kb3 e2 35. Kc3 {remainder illegible; B won in a few more moves} 0-1

[Event "Summer TNM"]
[Site "San Francisco"]
[Date "2005.06.28"]
[Round "3"]
[White "Rhodes, Clifton"]
[Black "Frank, Robert"]
[Result "0-1"]
[WhiteElo "1450"]
[BlackElo "1251"]
[PlyCount "70"]
[EventDate "2005.06.14"]
[EventType "swiss"]
[EventRounds "8"]
[EventCountry "USA"]

1. e4 e5 2. Nf3 Nc6 3. Bb5 a6 4. Ba4 d6 5. d4 b5 6. Bb3 Nxd4 7. Nxd4 exd4 8.
Qxd4 c5 9. Qd5 Be6 10. Qc6+ Bd7 11. Bxf7+ Kxf7 12. Qd5+ Be6 13. Qh5+ g6 14.
Qf3+ Nf6 15. Bg5 Bg7 16. Nc3 Rf8 17. O-O h6 18. Bh4 Kg8 19. Qd1 Qe7 20. Bxf6
Bxf6 21. Nd5 Bxd5 22. Qxd5+ Kh7 23. c3 Be5 24. g3 Rad8 25. f4 Bg7 26. Rf3 a5
27. Raf1 b4 28. f5 gxf5 29. exf5 Bf6 30. Rd1 bxc3 31. bxc3 Be5 32. Rb1 Qf7 33.
Rb7 Rd7 34. Rxd7 Qxd7 35. Qe6 Qxe6 0-1

[Event "Summer TNM"]
[Site "San Francisco"]
[Date "2005.06.28"]
[Round "3"]
[White "Riese, Kayven"]
[Black "Salvo, Tab"]
[Result "1-0"]
[WhiteElo "1853"]
[BlackElo "1650"]
[PlyCount "65"]
[EventDate "2005.06.14"]
[EventType "swiss"]
[EventRounds "8"]
[EventCountry "USA"]

1. e4 c5 2. Nf3 d6 3. d4 cxd4 4. Nxd4 Nf6 5. Nc3 a6 6. Bg5 e6 7. f4 Nbd7 8. Qf3
Be7 9. Bc4 Nb6 10. Bb3 Qc7 11. f5 Nc4 12. O-O-O Bd7 13. h4 O-O-O 14. Qe2 Na5
15. Kb1 Nxb3 16. cxb3 Kb8 17. Rc1 Qa5 18. g4 Rhe8 19. Bd2 Qb6 20. Be3 Qa5 21.
fxe6 fxe6 22. g5 Ng8 23. Rhg1 Bf8 24. Qf2 Re7 25. Nf3 Rc8 26. Nd2 Qd8 27. Nc4
Be8 28. Ba7+ Ka8 29. Nb6+ Kxa7 30. Nxc8+ Kb8 31. Qa7+ Kc7 32. Nd5+ Kd7 33.
Qxb7+ 1-0

[Event "Summer TNM"]
[Site "San Francisco"]
[Date "2005.06.28"]
[Round "3"]
[White "Robbins, Chuck"]
[Black "Kleiman, Charles"]
[Result "0-1"]
[WhiteElo "1574"]
[BlackElo "1823"]
[PlyCount "82"]
[EventDate "2005.06.14"]
[EventType "swiss"]
[EventRounds "8"]
[EventCountry "USA"]

1. d4 d5 2. c4 c6 3. Nf3 Nf6 4. Nc3 Nbd7 5. e3 e6 6. Qc2 Be7 7. g4 h6 8. Rg1
dxc4 9. Bxc4 Qc7 10. Bd3 Nd5 11. Nxd5 exd5 12. Bd2 Bd6 13. h3 Nf8 14. Nh4 g6
15. O-O-O Qe7 16. Ng2 Ne6 17. h4 Bd7 18. Qa4 c5 19. Bb5 cxd4 20. exd4 a6 21.
Bxd7+ Qxd7 22. Qxd7+ Kxd7 23. Be3 Rac8+ 24. Kb1 Rc4 25. Rc1 Rhc8 26. b3 R4c6
27. Rxc6 bxc6 28. Rd1 h5 29. g5 Ng7 30. f4 Re8 31. Re1 Bb4 32. Re2 Nf5 33. Kb2
Nxd4 34. Rf2 Nf5 35. Bb6 Bf8 36. a3 c5 37. Rc2 Rc8 38. Re2 Rb8 39. Ba5 Bg7+ 40.
Ka2 Kc6 41. Be1 Rxb3 0-1

[Event "Summer TNM"]
[Site "San Francisco"]
[Date "2005.06.28"]
[Round "3"]
[White "Sainz, Guadalupe"]
[Black "Livschitz, Louiza"]
[Result "0-1"]
[WhiteElo "1654"]
[BlackElo "1843"]
[PlyCount "64"]
[EventDate "2005.06.14"]
[EventType "swiss"]
[EventRounds "8"]
[EventCountry "USA"]

1. d4 Nf6 2. c4 g6 3. Nc3 Bg7 4. e4 d6 5. f4 O-O 6. Nf3 c5 7. d5 e6 8. Be2 Re8
9. e5 dxe5 10. fxe5 Ng4 11. Bg5 Qb6 12. O-O Nxe5 13. Nxe5 Bxe5 14. Kh1 Qxb2 15.
Ne4 exd5 16. Qxd5 Be6 17. Qd3 Qd4 18. Qxd4 cxd4 19. Rab1 Bf5 20. Bf3 Na6 21.
Rxb7 Bxe4 22. Bxe4 Nc5 23. Bd5 Nxb7 24. Rxf7 Kh8 25. Bxb7 Rf8 26. Rf3 Rab8 27.
Kg1 Rxf3 28. Bxf3 Rb1+ 29. Kf2 Rb2+ 30. Ke1 d3 31. Bd2 Rxa2 32. h3 Bg3+ 0-1